Elutazott Szegedről az odesszai pártmunkásküldöttség
Elmentve itt :
| Dokumentumtípus: | Cikk |
|---|---|
| Megjelent: |
1963-07-17
|
| Sorozat: | Délmagyarország
53 No. 165 |
| Kulcsszavak: | Gladkaȃ Lidiȃ, Pártközi kapcsolatok kommunista magyar-szovjet 1963, Odessza |
| Online Access: | http://dmarchiv.bibl.u-szeged.hu/70778 |
| LEADER | 00493nab a2200145 i 4500 | ||
|---|---|---|---|
| 001 | delm70778 | ||
| 005 | 20180928082423.0 | ||
| 008 | 180928s1963 hu o 0|| hun d | ||
| 040 | |a SZTE Délmagyarország Archívum |b hun | ||
| 041 | |a hun | ||
| 245 | 0 | 0 | |a Elutazott Szegedről az odesszai pártmunkásküldöttség |h [elektronikus dokumentum] |
| 260 | |c 1963-07-17 | ||
| 300 | |a 1 | ||
| 490 | 0 | |a Délmagyarország |v 53 No. 165 | |
| 695 | |a Gladkaȃ Lidiȃ, Pártközi kapcsolatok kommunista magyar-szovjet 1963, Odessza | ||